000 00579 a2200217 4500
260 _aParis
630 _a17 - Morale ethique - Philosophie pratique
650 _a1 - PHILOSOPHIE - PSYCHOLOGIE
100 _aClercq-Boisset, D. le
260 _bEd. de la documentation française
245 _aLe haut comité d'étude et d'information sur l'alcoolisme 1983-1986
300 _a33p
650 _aAlcoolisme: Information: 1983-1986
260 _c1986
300 _b24 cm
100 _lFr
037 _a12613
020 _a2-11-001725-2
999 _c43785
_d43785